Представление документа в формате RUSMARC

ПолеНазваниеЗначение
  Тип записи a
  Библиографический уровень m
001 Контрольный номер RU/SLIB/B/208729098
005 Дата корректировки 20201206204019.1
010 Индекс ISBN __
d Цена 1-10
101 Язык документа __
a Язык текста rus
c Язык оригинала rus
200 Заглавие и сведения об ответственности 1_
a Заглавие Заря свободы над Кабулом
e Сведения, относящиеся к заглавию ист. повествование
f Первые сведения об ответственности Халфин Н. А.
b Общее обозначение материала Текст
210 Выходные данные __
a Место издания М.
c Издательство Наука
d Дата издания 1985
215 Физическое описание __
a Объем 320 с.
330 Аннотация __
a Аннотация Книга посвящена борьбе афганского народа за независимость, против британской агрессии.
600 Персоналии __
a Персоналии (Фамилия) Хабибулла
606 Тематические рубрики __
a Основная рубрика История
y Географическая подрубрика Афганистан; Германия; Англия; Россия
606 Тематические рубрики __
a Основная рубрика История Азии в целом
610 Ключевые слова __
a Ключевые слова эмиры; англо-афганская война; военная агрессия; независимость; международные отношения; персоналии
686 Индексы других классификаций __
a Классификационный индекс 63.3(5Афг)
700 Автор _1
a Фамилия Халфин
b Имя Н. А.
4 Код отношения 070
801 Источник записи _0
a Страна RU
b Организация Муниципальное бюджетное учреждение культуры "Централизованная библиотечная система" г. Сургут (Центральная городская библиотека им. А. С. Пушкина)
g Правила каталогизации КиК/Елгина
801 Источник записи _1
a Страна RU
b Организация Муниципальное бюджетное учреждение культуры "Централизованная библиотечная система" г. Сургут (Центральная городская библиотека им. А. С. Пушкина)
g Правила каталогизации КиК/Елгина
852 Данные о местонахождении __
j Шифр хранения 63.3(5Афг)
c Каталожный индекс 63.3(5Афг)
i Авторский знак Х 17
p Инвентарный номер 25761
901 Тип документа __
t Тип документа m
990 Данные о заказе (DOS) __
j Количество экземпляров (DOS) 2